Wir stehen unseren mann! (Record no. 756)

MARC details
000 -LEADER
fixed length control field 00515cam a22001931 4500
001 - CONTROL NUMBER
control field af 47000360
003 - CONTROL NUMBER IDENTIFIER
control field DLC
005 - DATE AND TIME OF LATEST TRANSACTION
control field 20260227110802.0
008 - FIXED-LENGTH DATA ELEMENTS--GENERAL INFORMATION
fixed length control field 890517s1943 gw 000 1 ger c
010 ## - LIBRARY OF CONGRESS CONTROL NUMBER
LC control number af 47000360
035 ## - SYSTEM CONTROL NUMBER
System control number (OCoLC)19725554
040 ## - CATALOGING SOURCE
Original cataloging agency Yale univ. Library
Transcribing agency CU
Modifying agency DLC
042 ## - AUTHENTICATION CODE
Authentication code premarc
050 00 - LIBRARY OF CONGRESS CALL NUMBER
Classification number PT2638.O24
Item number W5
100 1# - MAIN ENTRY--PERSONAL NAME
Personal name Schöer, Anna Maria.
245 10 - TITLE STATEMENT
Title Wir stehen unseren mann!
Remainder of title Roman.
260 ## - PUBLICATION, DISTRIBUTION, ETC.
Place of publication, distribution, etc. Leipzig,
Name of publisher, distributor, etc. Lipsia-verlag Friedrich & co.
Date of publication, distribution, etc. [1943]
300 ## - PHYSICAL DESCRIPTION
Extent 260 p.
Dimensions 19 cm.

No items available.

Powered by Koha